[Event "Madrid-ch sub-14"]
[Site "Madrid ESP"]
[Date "2016.04.16"]
[Round "1.1"]
[White "Soto Martin, Miguel"]
[Black "Rico Ropero, Oscar"]
[Result "1-0"]
[WhiteElo "1884"]
[BlackElo "1701"]
[PlyCount "99"]
[EventDate "2016.04.16"]
[EventType "tourn"]
[EventRounds "7"]
[EventCountry "ESP"]
[SourceTitle "Ajedrez en Madrid"]
[Source "lmi"]
[SourceDate "2016.04.16"]

1. d4 f5 2. g3 Nf6 3. Bg2 e6 4. Nh3 d5 5. O-O Bd6 6. Bf4 O-O 7. Nd2 b6 8. Bxd6
cxd6 9. Nf4 Nc6 10. e3 b5 11. a4 Qb6 12. b3 b4 13. h4 a5 14. Rc1 Re8 15. Nb1
Rb8 16. c4 bxc3 17. Nxc3 Qxb3 18. Nb5 Rxb5 19. axb5 Qxb5 20. Qc2 Bd7 21. Rb1
Nb4 22. Qc7 Rc8 23. Qxd6 Kf7 24. Nh3 h6 25. Rfd1 Rc6 26. Qf4 a4 27. Bf1 Qb7 28.
Rdc1 Rxc1 29. Rxc1 a3 30. Qc7 Qa8 31. Bb5 Ke7 32. Qc5+ Ke8 33. Qxb4 Kf7 34.
Bxd7 Nxd7 35. Ra1 a2 36. Qb2 Qa4 37. Qxa2 Qxa2 38. Rxa2 Nb6 39. Nf4 e5 40. Ra7+
Kg8 41. dxe5 g5 42. hxg5 hxg5 43. Ne6 g4 44. Rg7+ Kh8 45. Rg6 Nc4 46. Nf4 Nxe5
47. Rf6 Nf3+ 48. Kg2 Ne1+ 49. Kf1 Nf3 50. Nxd5 1-0

[Event "Madrid-ch sub-14"]
[Site "Madrid ESP"]
[Date "2016.04.16"]
[Round "1.2"]
[White "Quispe Arteaga, Gabriel"]
[Black "Garcia Villalba, Daniel"]
[Result "1-0"]
[WhiteElo "2068"]
[BlackElo "1747"]
[PlyCount "59"]
[EventDate "2016.04.16"]
[EventType "tourn"]
[EventRounds "7"]
[EventCountry "ESP"]
[SourceTitle "Ajedrez en Madrid"]
[Source "lmi"]
[SourceDate "2016.04.16"]

1. d4 d5 2. c4 e6 3. e3 Nf6 4. Nf3 Be7 5. Bd3 O-O 6. O-O Nbd7 7. Nc3 Re8 8. b3
Nf8 9. Ne5 c5 10. cxd5 Nxd5 11. Nxd5 Qxd5 12. Bc4 Qd6 13. Qf3 f6 14. Nd3 cxd4
15. exd4 Kh8 16. Rd1 Qxd4 17. Bb2 Qb6 18. Nf4 Bd7 19. Qh5 Rad8 20. Rxd7 Nxd7
21. Nxe6 Nf8 22. Nxd8 Rxd8 23. Rf1 Qd6 24. Qf3 b6 25. g3 Ng6 26. Re1 Qd7 27.
Kg2 Qd2 28. Bc3 Ne5 29. Bxd2 Nxf3 30. Kxf3 1-0

[Event "Madrid-ch sub-14"]
[Site "Madrid ESP"]
[Date "2016.04.16"]
[Round "1.3"]
[White "Guerra Pantojo, Daniel"]
[Black "Lianes Garcia, Marcos"]
[Result "0-1"]
[WhiteElo "1354"]
[BlackElo "2221"]
[PlyCount "72"]
[EventDate "2016.04.16"]
[EventType "tourn"]
[EventRounds "7"]
[EventCountry "ESP"]
[SourceTitle "Ajedrez en Madrid"]
[Source "lmi"]
[SourceDate "2016.04.16"]

1. e4 g6 2. Nf3 Bg7 3. Nc3 c5 4. Bc4 Nc6 5. O-O d6 6. Bb5 e5 7. d3 Nge7 8. Be3
O-O 9. Qc1 Nd4 10. Ne1 a6 11. Bc4 b5 12. Bb3 Nec6 13. Bd5 Bd7 14. Qd2 Rc8 15.
Bxc6 Bxc6 16. Ne2 f5 17. Nxd4 cxd4 18. Bg5 Qd7 19. Qe2 f4 20. f3 h6 21. Bh4 g5
22. Bf2 h5 23. g4 hxg4 24. fxg4 f3 25. Nxf3 Qxg4+ 26. Bg3 Bd7 27. Qg2 Qh5 28.
Rf2 Bh3 29. Qh1 Bh6 30. Ne1 Rxf2 31. Bxf2 Rf8 32. Ng2 Qe2 33. Bg3 g4 34. Re1
Be3+ 35. Nxe3 Qxe3+ 36. Rxe3 Rf1# 0-1

[Event "Madrid-ch sub-14"]
[Site "Madrid ESP"]
[Date "2016.04.16"]
[Round "1.4"]
[White "Albert Aparicio, Ismael"]
[Black "Carrasco Coquillat, Jorge"]
[Result "1-0"]
[WhiteElo "1467"]
[BlackElo "1417"]
[PlyCount "59"]
[EventDate "2016.04.16"]
[EventType "tourn"]
[EventRounds "7"]
[EventCountry "ESP"]
[SourceTitle "Ajedrez en Madrid"]
[Source "lmi"]
[SourceDate "2016.04.16"]

1. e4 c5 2. Nf3 d6 3. d4 cxd4 4. Nxd4 Nf6 5. Nc3 g6 6. f3 Bg7 7. Be3 O-O 8. Qd2
Re8 9. g4 Bxg4 10. fxg4 Nxg4 11. Nb3 Ne5 12. Be2 Qd7 13. O-O-O Rc8 14. Bb5 Qe6
15. Nd4 Qh3 16. Rdg1 Nbc6 17. Rg3 Qd7 18. Rhg1 a6 19. Bxc6 Nxc6 20. Nf5 Bh8 21.
Nh6+ Kf8 22. Nd5 Qe6 23. Nb6 Qxa2 24. Kd1 Qxb2 25. Nxa8 Rxa8 26. Qd5 Qb1+ 27.
Bc1 Qxc2+ 28. Kxc2 Nb4+ 29. Kb3 Nxd5 30. exd5 1-0

[Event "Madrid-ch sub-14"]
[Site "Madrid ESP"]
[Date "2016.04.16"]
[Round "2.1"]
[White "Rico Ropero, Oscar"]
[Black "Carrasco Coquillat, Jorge"]
[Result "0-1"]
[WhiteElo "1701"]
[BlackElo "1417"]
[PlyCount "34"]
[EventDate "2016.04.16"]
[EventType "tourn"]
[EventRounds "7"]
[EventCountry "ESP"]
[SourceTitle "Ajedrez en Madrid"]
[Source "lmi"]
[SourceDate "2016.04.16"]

1. c4 e5 2. Nc3 Nc6 3. g3 g6 4. Bg2 Bg7 5. d3 f5 6. e4 d6 7. Nge2 Nf6 8. O-O
O-O 9. Rb1 Be6 10. b4 fxe4 11. Nxe4 Nxe4 12. Bxe4 d5 13. Bg2 dxc4 14. dxc4 Bxc4
15. Qc2 Qd3 16. Be4 Qxc2 17. Bxc2 Bxe2 0-1

[Event "Madrid-ch sub-14"]
[Site "Madrid ESP"]
[Date "2016.04.16"]
[Round "2.2"]
[White "Lianes Garcia, Marcos"]
[Black "Albert Aparicio, Ismael"]
[Result "1-0"]
[WhiteElo "2221"]
[BlackElo "1467"]
[PlyCount "59"]
[EventDate "2016.04.16"]
[EventType "tourn"]
[EventRounds "7"]
[EventCountry "ESP"]
[SourceTitle "Ajedrez en Madrid"]
[Source "lmi"]
[SourceDate "2016.04.16"]

1. d4 Nf6 2. c4 e6 3. Nf3 c5 4. Nc3 cxd4 5. Nxd4 Bb4 6. Bd2 Bxc3 7. Bxc3 Ne4 8.
Qc2 Nxc3 9. Qxc3 Qf6 10. Qd2 Nc6 11. Nb5 O-O 12. Nd6 a6 13. e3 Qe5 14. Be2 Qa5
15. Qxa5 Nxa5 16. O-O b6 17. Rfd1 Rd8 18. b4 Nb7 19. Bf3 Rb8 20. Nxc8 Rdxc8 21.
Rxd7 Nd8 22. Rad1 g6 23. a3 Kg7 24. Be2 Nc6 25. f4 Rd8 26. Rxd8 Rxd8 27. Rxd8
Nxd8 28. c5 bxc5 29. bxc5 Kf8 30. Bxa6 1-0

[Event "Madrid-ch sub-14"]
[Site "Madrid ESP"]
[Date "2016.04.16"]
[Round "2.4"]
[White "Soto Martin, Miguel"]
[Black "Quispe Arteaga, Gabriel"]
[Result "0-1"]
[WhiteElo "1884"]
[BlackElo "2068"]
[PlyCount "40"]
[EventDate "2016.04.16"]
[EventType "tourn"]
[EventRounds "7"]
[EventCountry "ESP"]
[SourceTitle "Ajedrez en Madrid"]
[Source "lmi"]
[SourceDate "2016.04.16"]

1. d4 d5 2. Nf3 e6 3. e3 Nf6 4. Nbd2 Be7 5. c4 O-O 6. b3 b6 7. Bb2 Bb7 8. Bd3
c5 9. O-O cxd4 10. Nxd4 Nc6 11. cxd5 Nxd4 12. Bxd4 Qxd5 13. Nf3 Rfd8 14. Bc4
Qh5 15. Qe2 b5 16. Bd3 Bxf3 17. gxf3 e5 18. Bb2 e4 19. fxe4 Rxd3 20. Qxh5 Nxh5
0-1

[Event "Madrid-ch sub-14"]
[Site "Madrid ESP"]
[Date "2016.04.17"]
[Round "3.1"]
[White "Quispe Arteaga, Gabriel"]
[Black "Rico Ropero, Oscar"]
[Result "1-0"]
[WhiteElo "2068"]
[BlackElo "1701"]
[PlyCount "29"]
[EventDate "2016.04.16"]
[EventType "tourn"]
[EventRounds "7"]
[EventCountry "ESP"]
[SourceTitle "Ajedrez en Madrid"]
[Source "lmi"]
[SourceDate "2016.04.16"]

1. d4 f5 2. g3 Nf6 3. Bg2 e6 4. Nh3 d5 5. O-O Bd6 6. Bf4 O-O 7. Nd2 b6 8. e3 c5
9. Bxd6 Qxd6 10. Nf4 Nc6 11. dxc5 bxc5 12. c4 d4 13. exd4 cxd4 14. c5 Qxc5 15.
Rc1 1-0

[Event "Madrid-ch sub-14"]
[Site "Madrid ESP"]
[Date "2016.04.17"]
[Round "3.2"]
[White "Guerra Pantojo, Daniel"]
[Black "Soto Martin, Miguel"]
[Result "0-1"]
[WhiteElo "1354"]
[BlackElo "1884"]
[PlyCount "44"]
[EventDate "2016.04.16"]
[EventType "tourn"]
[EventRounds "7"]
[EventCountry "ESP"]
[SourceTitle "Ajedrez en Madrid"]
[Source "lmi"]
[SourceDate "2016.04.16"]

1. e4 e5 2. c4 b6 3. Nc3 Bb7 4. Nf3 Nc6 5. d3 Bc5 6. g3 d6 7. a3 a5 8. Bd2 Nge7
9. Bg2 O-O 10. O-O Bc8 11. b4 axb4 12. axb4 Rxa1 13. Qxa1 Nxb4 14. Qb1 Nbc6 15.
Nh4 Nd4 16. Qd1 f5 17. h3 f4 18. gxf4 exf4 19. Nf3 Nec6 20. Nd5 Nxf3+ 21. Qxf3
Ne5 22. Qe2 f3 0-1

[Event "Madrid-ch sub-14"]
[Site "Madrid ESP"]
[Date "2016.04.17"]
[Round "3.3"]
[White "Albert Aparicio, Ismael"]
[Black "Garcia Villalba, Daniel"]
[Result "0-1"]
[WhiteElo "1467"]
[BlackElo "1747"]
[PlyCount "60"]
[EventDate "2016.04.16"]
[EventType "tourn"]
[EventRounds "7"]
[EventCountry "ESP"]
[SourceTitle "Ajedrez en Madrid"]
[Source "lmi"]
[SourceDate "2016.04.16"]

1. e4 d6 2. d4 Nf6 3. Nc3 Nbd7 4. Nf3 e5 5. dxe5 dxe5 6. Bc4 Bc5 7. Bg5 c6 8.
a3 b5 9. Ba2 a5 10. Ne2 Bxf2+ 11. Kf1 Bc5 12. b4 Be7 13. Bxf6 Bxf6 14. Qd6 Qb6
15. bxa5 Rxa5 16. Nd2 Be7 17. Qd3 O-O 18. c4 Rxa3 19. Qb1 Ba6 20. cxb5 Qxb5 21.
Bc4 Qxb1+ 22. Rxb1 Bxc4 23. Nxc4 Ra4 24. Nd2 Nc5 25. Nc3 Ra3 26. Ne2 Rd3 27.
Nc4 Nxe4 28. Nxe5 Rd6 29. Nf3 Nd2+ 30. Nxd2 Rxd2 0-1

[Event "Madrid-ch sub-14"]
[Site "Madrid ESP"]
[Date "2016.04.17"]
[Round "3.4"]
[White "Carrasco Coquillat, Jorge"]
[Black "Lianes Garcia, Marcos"]
[Result "0-1"]
[WhiteElo "1417"]
[BlackElo "2221"]
[PlyCount "64"]
[EventDate "2016.04.16"]
[EventType "tourn"]
[EventRounds "7"]
[EventCountry "ESP"]
[SourceTitle "Ajedrez en Madrid"]
[Source "lmi"]
[SourceDate "2016.04.16"]

1. c4 c5 2. Nc3 Nf6 3. Nf3 g6 4. g3 Bg7 5. Bg2 Nc6 6. O-O d6 7. d4 cxd4 8. Nxd4
Bd7 9. a3 O-O 10. b4 Nxd4 11. Qxd4 Ng4 12. Qd2 Ne5 13. Bxb7 Nxc4 14. Qd3 Rb8
15. Qxc4 Rxb7 16. Bd2 Rc7 17. Qd3 Be6 18. Rac1 Bc4 19. Qe3 d5 20. Qf3 e6 21. a4
Qd7 22. b5 Rfc8 23. Rfe1 f5 24. g4 d4 25. Nd1 e5 26. gxf5 gxf5 27. Nb2 Bd5 28.
Rxc7 Rxc7 29. Qh3 Rc2 30. Bc1 Qc8 31. Nd3 e4 32. Nb4 Rxc1 0-1

[Event "Madrid-ch sub-14"]
[Site "Madrid ESP"]
[Date "2016.04.17"]
[Round "4.2"]
[White "Garcia Villalba, Daniel"]
[Black "Carrasco Coquillat, Jorge"]
[Result "1-0"]
[WhiteElo "1747"]
[BlackElo "1417"]
[PlyCount "33"]
[EventDate "2016.04.16"]
[EventType "tourn"]
[EventRounds "7"]
[EventCountry "ESP"]
[SourceTitle "Ajedrez en Madrid"]
[Source "lmi"]
[SourceDate "2016.04.16"]

1. e4 c5 2. Nf3 d6 3. Bb5+ Nc6 4. Bxc6+ bxc6 5. O-O Nf6 6. e5 Nd7 7. exd6 e6 8.
d3 Bxd6 9. Nbd2 f5 10. Nc4 Nf6 11. Nxd6+ Qxd6 12. Re1 h6 13. b3 g5 14. Ba3 g4
15. Ne5 Ne4 16. Nc4 Qf4 17. dxe4 1-0

[Event "Madrid-ch sub-14"]
[Site "Madrid ESP"]
[Date "2016.04.17"]
[Round "4.3"]
[White "Soto Martin, Miguel"]
[Black "Albert Aparicio, Ismael"]
[Result "1-0"]
[WhiteElo "1884"]
[BlackElo "1467"]
[PlyCount "107"]
[EventDate "2016.04.16"]
[EventType "tourn"]
[EventRounds "7"]
[EventCountry "ESP"]
[SourceTitle "Ajedrez en Madrid"]
[Source "lmi"]
[SourceDate "2016.04.16"]

1. d4 Nf6 2. Nf3 e6 3. c4 d5 4. e3 c5 5. cxd5 Nxd5 6. e4 Nb6 7. Nc3 cxd4 8.
Nxd4 Bb4 9. Be3 O-O 10. Be2 Bxc3+ 11. bxc3 e5 12. Nb5 Qxd1+ 13. Rxd1 Nc6 14.
Nc7 Rb8 15. Bxb6 axb6 16. Nd5 Ra8 17. Rd2 Be6 18. O-O Rfd8 19. Rb1 Ra5 20. c4
b5 21. cxb5 Nd4 22. Bc4 Ra4 23. Rc1 Kf8 24. Bb3 Nxb3 25. axb3 Rxe4 26. f3 Rd4
27. Rxd4 exd4 28. Nf4 d3 29. Nxe6+ fxe6 30. Kf2 d2 31. Rd1 Rd3 32. Ke2 Rxb3 33.
Rxd2 Rxb5 34. Rd8+ Ke7 35. Rg8 Kf7 36. Rb8 Rb2+ 37. Kf1 b5 38. Kg1 b4 39. h4
Kf6 40. Kh2 Ke5 41. Kg3 b3 42. Rb7 Kd4 43. Rxg7 Rc2 44. Rxh7 b2 45. Rb7 Kc3 46.
h5 Kd2 47. Kf4 Kc1 48. g4 b1=Q 49. Rxb1+ Kxb1 50. g5 Rc5 51. h6 e5+ 52. Ke4 Kc2
53. h7 Rc8 54. g6 1-0

[Event "Madrid-ch sub-14"]
[Site "Madrid ESP"]
[Date "2016.04.17"]
[Round "4.4"]
[White "Quispe Arteaga, Gabriel"]
[Black "Guerra Pantojo, Daniel"]
[Result "1-0"]
[WhiteElo "2068"]
[BlackElo "1354"]
[PlyCount "39"]
[EventDate "2016.04.16"]
[EventType "tourn"]
[EventRounds "7"]
[EventCountry "ESP"]
[SourceTitle "Ajedrez en Madrid"]
[Source "lmi"]
[SourceDate "2016.04.16"]

1. d4 d5 2. c4 e6 3. Nf3 Nf6 4. e3 c5 5. Nc3 Nc6 6. Bd3 g6 7. O-O Bg7 8. b3 O-O
9. Bb2 b6 10. dxc5 bxc5 11. Na4 d4 12. exd4 cxd4 13. Re1 Bb7 14. Bf1 Ng4 15.
Nc5 Rb8 16. h3 Nh6 17. Qd2 e5 18. Ba3 Re8 19. Ne4 Bf8 20. Bxf8 1-0

[Event "Madrid-ch sub-14"]
[Site "Madrid ESP"]
[Date "2016.04.23"]
[Round "5.1"]
[White "Guerra Pantojo, Daniel"]
[Black "Rico Ropero, Oscar"]
[Result "0-1"]
[WhiteElo "1354"]
[BlackElo "1701"]
[PlyCount "66"]
[EventDate "2016.04.16"]
[EventType "tourn"]
[EventRounds "7"]
[EventCountry "ESP"]
[SourceTitle "Ajedrez en Madrid"]
[Source "lmi"]
[SourceDate "2016.04.16"]

1. e4 c5 2. Nf3 e6 3. c4 Nc6 4. Nc3 Nf6 5. d3 a6 6. g3 Rb8 7. a4 Be7 8. Bg2 Qc7
9. Bf4 d6 10. O-O O-O 11. Re1 Nd7 12. Ng5 h6 13. Nf3 Bf6 14. Qd2 Nde5 15. Nxe5
Nxe5 16. h3 Bd7 17. b3 b5 18. a5 Nc6 19. cxb5 axb5 20. e5 Nxe5 21. Bxe5 Bxe5
22. a6 d5 23. Ra2 Ra8 24. Bf1 b4 25. Ne2 Bd6 26. d4 c4 27. Nc1 Bb5 28. f4 Rxa6
29. Rxa6 Bxa6 30. Na2 Ra8 31. Rc1 c3 32. Qc2 Bxf1 33. Rxf1 Qa7 0-1

[Event "Madrid-ch sub-14"]
[Site "Madrid ESP"]
[Date "2016.04.23"]
[Round "5.2"]
[White "Albert Aparicio, Ismael"]
[Black "Quispe Arteaga, Gabriel"]
[Result "0-1"]
[WhiteElo "1467"]
[BlackElo "2068"]
[PlyCount "44"]
[EventDate "2016.04.16"]
[EventType "tourn"]
[EventRounds "7"]
[EventCountry "ESP"]
[SourceTitle "Ajedrez en Madrid"]
[Source "lmi"]
[SourceDate "2016.04.16"]

1. e4 c5 2. Nf3 Nc6 3. d4 cxd4 4. Nxd4 g6 5. c4 Bg7 6. Be3 Nf6 7. Nc3 O-O 8.
Be2 d6 9. O-O a6 10. a4 Nxd4 11. Bxd4 Be6 12. f3 Rc8 13. b3 Nd7 14. Bxg7 Kxg7
15. Nd5 Bxd5 16. cxd5 Qb6+ 17. Kh1 Qb4 18. Qe1 Qxe1 19. Rfxe1 Rc3 20. Bc4 Rc8
21. Rec1 Rxc1+ 22. Rxc1 b5 0-1

[Event "Madrid-ch sub-14"]
[Site "Madrid ESP"]
[Date "2016.04.23"]
[Round "5.3"]
[White "Carrasco Coquillat, Jorge"]
[Black "Soto Martin, Miguel"]
[Result "1/2-1/2"]
[WhiteElo "1417"]
[BlackElo "1884"]
[PlyCount "76"]
[EventDate "2016.04.16"]
[EventType "tourn"]
[EventRounds "7"]
[EventCountry "ESP"]
[SourceTitle "Ajedrez en Madrid"]
[Source "lmi"]
[SourceDate "2016.04.16"]

1. c4 e5 2. Nc3 Nc6 3. Nf3 g6 4. g3 Bg7 5. Bg2 d6 6. d3 f5 7. Rb1 a5 8. a3 Nf6
9. O-O O-O 10. b4 axb4 11. axb4 h6 12. e3 Nh5 13. Qb3 g5 14. Ba3 Be6 15. Rfd1
g4 16. Ne1 f4 17. Nc2 Qf6 18. Rd2 f3 19. Bf1 Kh8 20. d4 exd4 21. exd4 Bf5 22.
Nd5 Qg5 23. Bc1 Qg6 24. Bd3 Rf7 25. c5 Re8 26. Bb2 Bxd3 27. Qxd3 Qxd3 28. Rxd3
dxc5 29. dxc5 Rd7 30. Nce3 Red8 31. b5 Ne7 32. Bxg7+ Kxg7 33. Rbd1 c6 34. bxc6
bxc6 35. Nb4 Rxd3 36. Rxd3 Rxd3 37. Nxd3 Nf6 38. Kf1 h5 1/2-1/2

[Event "Madrid-ch sub-14"]
[Site "Madrid ESP"]
[Date "2016.04.23"]
[Round "5.4"]
[White "Lianes Garcia, Marcos"]
[Black "Garcia Villalba, Daniel"]
[Result "1-0"]
[WhiteElo "2221"]
[BlackElo "1747"]
[PlyCount "59"]
[EventDate "2016.04.16"]
[EventType "tourn"]
[EventRounds "7"]
[EventCountry "ESP"]
[SourceTitle "Ajedrez en Madrid"]
[Source "lmi"]
[SourceDate "2016.04.16"]

1. e4 e6 2. d4 d5 3. exd5 exd5 4. Nf3 Nf6 5. c4 Be7 6. Be2 O-O 7. O-O h6 8. Bf4
Nc6 9. Nc3 Be6 10. c5 a6 11. h3 Kh8 12. Bd3 Nh7 13. Ne5 Nxe5 14. Bxe5 f6 15.
Bh2 Rg8 16. Ne2 g5 17. Ng3 Qd7 18. Qc2 Rg7 19. Nf5 Bxf5 20. Bxf5 Qc6 21. Rfe1
Nf8 22. Re3 b6 23. Rae1 Bd8 24. Re8 Rg8 25. Qe2 Kg7 26. Qh5 bxc5 27. R1e7+ Bxe7
28. Rxe7+ Kh8 29. Qxh6+ Nh7 30. Qxh7# 1-0

[Event "Madrid-ch sub-14"]
[Site "Madrid ESP"]
[Date "2016.04.24"]
[Round "6.1"]
[White "Rico Ropero, Oscar"]
[Black "Garcia Villalba, Daniel"]
[Result "0-1"]
[WhiteElo "1701"]
[BlackElo "1747"]
[PlyCount "112"]
[EventDate "2016.04.16"]
[EventType "tourn"]
[EventRounds "7"]
[EventCountry "ESP"]
[SourceTitle "Ajedrez en Madrid"]
[Source "lmi"]
[SourceDate "2016.04.16"]

1. c4 b6 2. d4 Bb7 3. Nc3 e6 4. e4 Bb4 5. Bd3 f5 6. f3 fxe4 7. fxe4 Bxc3+ 8.
bxc3 Bxe4 9. Nf3 Bxd3 10. Qxd3 Nf6 11. O-O O-O 12. Ng5 h6 13. Rxf6 hxg5 14.
Rxf8+ Qxf8 15. Qg3 Na6 16. Bxg5 Qf5 17. Rf1 Qh7 18. Qf3 Rb8 19. Qf7+ Kh8 20.
Qxd7 Qg6 21. Qb5 c6 22. Qe5 Re8 23. h4 c5 24. Qd6 cxd4 25. cxd4 Rc8 26. Rc1 Qd3
27. d5 exd5 28. Qxd5 Qxd5 29. cxd5 Rxc1+ 30. Bxc1 Kg8 31. Kf2 Kf7 32. Kf3 Nb4
33. Ke4 Nxa2 34. Bd2 Ke7 35. Ke5 a5 36. g4 Nb4 37. d6+ Kd7 38. h5 Nc6+ 39. Kd5
Nb4+ 40. Ke4 Kxd6 41. Kf5 Nd3 42. Bc3 Ke7 43. Bxg7 Kf7 44. Bc3 b5 45. g5 b4 46.
g6+ Kg8 47. Ba1 b3 48. h6 b2 49. Bxb2 Nxb2 50. Kf6 Nc4 51. g7 a4 52. h7+ Kxh7
53. Kf7 Ne5+ 54. Kf8 Nd7+ 55. Kf7 Nf6 56. Kxf6 Kg8 0-1

[Event "Madrid-ch sub-14"]
[Site "Madrid ESP"]
[Date "2016.04.24"]
[Round "6.2"]
[White "Soto Martin, Miguel"]
[Black "Lianes Garcia, Marcos"]
[Result "1/2-1/2"]
[WhiteElo "1884"]
[BlackElo "2221"]
[PlyCount "91"]
[EventDate "2016.04.16"]
[EventType "tourn"]
[EventRounds "7"]
[EventCountry "ESP"]
[SourceTitle "Ajedrez en Madrid"]
[Source "lmi"]
[SourceDate "2016.04.16"]

1. e4 c5 2. Nf3 g6 3. d4 Bg7 4. dxc5 Qa5+ 5. Bd2 Qxc5 6. Nc3 Nf6 7. Bd3 d6 8.
h3 a6 9. O-O O-O 10. Qe1 Nbd7 11. Be3 Qc7 12. Bd4 e5 13. Be3 b5 14. Qd2 Bb7 15.
Rfe1 Nc5 16. Bg5 Ne6 17. Bxf6 Bxf6 18. a3 Rad8 19. Bf1 Nd4 20. Nxd4 exd4 21.
Na2 d5 22. exd5 Rxd5 23. Nb4 Rc5 24. Rac1 Bg5 25. Qxd4 Bxc1 26. Rxc1 a5 27. Nd3
Rxc2 28. Rxc2 Qxc2 29. Ne5 Qe4 30. Qxe4 Bxe4 31. Nd7 Bc6 32. Nxf8 Kxf8 33. f4
Ke7 34. Kf2 Kd6 35. Ke3 Kc5 36. g4 Bd5 37. Bd3 Bc4 38. g5 a4 39. Bc2 Be6 40. h4
Bf5 41. Bxf5 gxf5 42. Kd3 Kd5 43. h5 Kc5 44. Kc3 Kd5 45. Kd3 Kc5 46. Kc3
1/2-1/2

[Event "Madrid-ch sub-14"]
[Site "Madrid ESP"]
[Date "2016.04.24"]
[Round "6.3"]
[White "Quispe Arteaga, Gabriel"]
[Black "Carrasco Coquillat, Jorge"]
[Result "1-0"]
[WhiteElo "2068"]
[BlackElo "1417"]
[PlyCount "47"]
[EventDate "2016.04.16"]
[EventType "tourn"]
[EventRounds "7"]
[EventCountry "ESP"]
[SourceTitle "Ajedrez en Madrid"]
[Source "lmi"]
[SourceDate "2016.04.16"]

1. d4 d5 2. e3 Nf6 3. c4 e6 4. Nf3 Be7 5. Bd3 O-O 6. O-O b6 7. Nc3 Bb7 8. b3
Nbd7 9. Bb2 Rc8 10. Qe2 a5 11. e4 dxe4 12. Nxe4 Nxe4 13. Bxe4 Bxe4 14. Qxe4 Bf6
15. Rad1 Qe7 16. Rfe1 Rfe8 17. Bc1 c5 18. d5 exd5 19. Qxd5 Ne5 20. Nxe5 Bxe5
21. Bf4 Rcd8 22. Qxe5 Rxd1 23. Rxd1 Qxe5 24. Bxe5 1-0

[Event "Madrid-ch sub-14"]
[Site "Madrid ESP"]
[Date "2016.04.24"]
[Round "7.2"]
[White "Carrasco Coquillat, Jorge"]
[Black "Guerra Pantojo, Daniel"]
[Result "1-0"]
[WhiteElo "1417"]
[BlackElo "1354"]
[PlyCount "27"]
[EventDate "2016.04.16"]
[EventType "tourn"]
[EventRounds "7"]
[EventCountry "ESP"]
[SourceTitle "Ajedrez en Madrid"]
[Source "lmi"]
[SourceDate "2016.04.16"]

1. c4 g6 2. Nc3 Bg7 3. g3 e5 4. Bg2 Nf6 5. Nf3 d6 6. O-O O-O 7. d3 c5 8. Rb1
Nc6 9. Bg5 h6 10. Bd2 Nb4 11. a3 Nc6 12. b4 b6 13. Ne1 Be6 14. Bxc6 1-0

[Event "Madrid-ch sub-14"]
[Site "Madrid ESP"]
[Date "2016.04.24"]
[Round "7.3"]
[White "Lianes Garcia, Marcos"]
[Black "Quispe Arteaga, Gabriel"]
[Result "1-0"]
[WhiteElo "2221"]
[BlackElo "2068"]
[PlyCount "79"]
[EventDate "2016.04.16"]
[EventType "tourn"]
[EventRounds "7"]
[EventCountry "ESP"]
[SourceTitle "Ajedrez en Madrid"]
[Source "lmi"]
[SourceDate "2016.04.16"]

1. e4 c5 2. Nc3 Nc6 3. a3 g6 4. Bc4 Bg7 5. d3 Nf6 6. Ba2 O-O 7. Nf3 d6 8. h3
Be6 9. Bxe6 fxe6 10. Be3 Qd7 11. Qd2 e5 12. Ne2 Nh5 13. c3 b6 14. d4 Nf4 15.
Nxf4 exf4 16. Bxf4 cxd4 17. cxd4 Rac8 18. Be3 Na5 19. Qd3 Nc4 20. b3 Nxe3 21.
fxe3 Rc7 22. Kd2 Rfc8 23. Rac1 Bh6 24. Rhf1 b5 25. Ng1 Rxc1 26. Rxc1 Rxc1 27.
Kxc1 d5 28. Kd2 Qd6 29. Qxb5 dxe4 30. Qc4+ Kg7 31. Qc5 Qf6 32. Ne2 Kf8 33. Qxa7
Qg5 34. Qb8+ Kg7 35. Qe5+ Qxe5 36. dxe5 Kf7 37. Nc3 Ke6 38. Nxe4 Kxe5 39. Kd3
e6 40. a4 1-0

[Event "Madrid-ch sub-14"]
[Site "Madrid ESP"]
[Date "2016.04.24"]
[Round "7.4"]
[White "Garcia Villalba, Daniel"]
[Black "Soto Martin, Miguel"]
[Result "0-1"]
[WhiteElo "1747"]
[BlackElo "1884"]
[PlyCount "102"]
[EventDate "2016.04.16"]
[EventType "tourn"]
[EventRounds "7"]
[EventCountry "ESP"]
[SourceTitle "Ajedrez en Madrid"]
[Source "lmi"]
[SourceDate "2016.04.16"]

1. e4 e5 2. Nf3 Nc6 3. Nc3 Nf6 4. d4 exd4 5. Nxd4 Bb4 6. Nxc6 bxc6 7. Bd3 d5 8.
exd5 cxd5 9. O-O O-O 10. Bg5 Bb7 11. Qf3 Rb8 12. Bxf6 Qxf6 13. Qxf6 gxf6 14.
Ne2 Bd6 15. c3 c5 16. f4 Rfe8 17. b3 Rbc8 18. Rae1 Re3 19. Bb5 a6 20. Bd7 Rc7
21. Bg4 Rce7 22. Rf2 d4 23. cxd4 cxd4 24. Rd1 d3 25. Ng3 Re1+ 26. Rf1 Bc5+ 27.
Kh1 Bf2 28. Rfxe1 Rxe1+ 29. Rxe1 Bxe1 30. Kg1 Kf8 31. Kf1 Bd2 32. Nh5 Bc3 33.
Bf5 d2 34. Bg4 Be4 35. Bd1 Bd3+ 36. Kf2 Bd4+ 37. Kf3 Ke7 38. Ng3 f5 39. Ne2
Be4+ 40. Kg3 Be3 41. Nc3 Ke6 42. Nxe4 fxe4 43. Kg4 Kd5 44. Kf5 Kd4 45. g3 Bg1
46. h3 Kd3 47. Kg4 f5+ 48. Kxf5 e3 49. g4 e2 50. Bxe2+ Kxe2 51. g5 d1=Q 0-1